Public administration and public affairs (Record no. 170058)

MARC details
000 -LEADER
fixed length control field 00605nam a2200229Ia 4500
003 - CONTROL NUMBER IDENTIFIER
control field OSt
005 - DATE AND TIME OF LATEST TRANSACTION
control field 20251029191922.0
008 - FIXED-LENGTH DATA ELEMENTS--GENERAL INFORMATION
fixed length control field 210423s2013 xx 000 0 und d
020 ## - INTERNATIONAL STANDARD BOOK NUMBER
International Standard Book Number 978-81-203-4553-9
040 ## - CATALOGING SOURCE
Transcribing agency AL
041 ## - LANGUAGE CODE
Language code of text/sound track or separate title English
082 ## - DEWEY DECIMAL CLASSIFICATION NUMBER
Classification number 350
Item number HENP
100 ## - MAIN ENTRY--PERSONAL NAME
Personal name Nicholas Henry
9 (RLIN) 90074
245 ## - TITLE STATEMENT
Title Public administration and public affairs
250 ## - EDITION STATEMENT
Edition statement 12
260 ## - PUBLICATION, DISTRIBUTION, ETC.
Place of publication, distribution, etc. New Delhi
Name of publisher, distributor, etc. PHI Learning Pvt Ltd
Date of publication, distribution, etc. 2013
300 ## - PHYSICAL DESCRIPTION
Extent xiv,482
Other physical details PB
365 ## - TRADE PRICE
Price amount 450
Currency code INR
650 ## - SUBJECT ADDED ENTRY--TOPICAL TERM
Topical term or geographic name entry element Public Administration
9 (RLIN) 90075
906 ## - LOCAL DATA ELEMENT F, LDF (RLIN)
a 12 ; administration ; affairs ; Public
942 ## - ADDED ENTRY ELEMENTS (KOHA)
Source of classification or shelving scheme Dewey Decimal Classification
Koha item type Book
Holdings
Withdrawn status Lost status Damaged status Not for loan Collection code Home library Current library Date acquired Cost, normal purchase price Total Checkouts Full call number Barcode Date last seen Date last checked out Price effective from Koha item type
        General St Aloysius PG Library St Aloysius PG Library 03/29/2019 450.00 2 350 HENP PG016560 04/24/2024 04/24/2024 04/26/2021 Book